Score 0/35 Timer 05:00
0 Plays Today
% Correct
All That Jazz
94.4%
Good Morning Baltimore
91.6%
Summer Nights
91%
Sixteen Going On Seventeen
89.9%
Suddenly, Seymour
87.6%
Oh What A Beautiful Mornin
86.5%
Mr. Mistoffelees
86%
All I Ask Of You
84.8%
Empty Chairs At Empty Tables
83.1%
Consider Yourself
82.6%
Sunrise, Sunset
81.5%
And I Am Telling You I'm Not Going
80.9%
Agony
80.3%
Marian The Librarian
78.1%
Rose's Turn
77.5%
One Song Glory
75.8%
The Impossible Dream
75.3%
One Hand, One Heart
75.3%
% Correct
A Little Priest
74.7%
Maybe This Time
73%
At The Ballet
71.3%
Do I Love You Because You're Beautiful
68.5%
Put On A Happy Face
68%
Heaven On Their Minds
65.2%
Too Darn Hot
63.5%
High Flying Adored
62.4%
Being Alive
62.4%
I'm Alive
61.8%
Happy To Keep His Dinner Warm
61.8%
If I Loved You
61.2%
The Lusty Month Of May
61.2%
Save The People
59.6%
We're In The Money
59.6%
No Time At All
55.6%
Turkey Lurkey Time
52.2%
Remove Ads.
Support Sporcle.
Get the best of Sporcle when you Go Orange. This ad-free experience offers more features, more stats, and more fun while also helping to support Sporcle. Thank you for becoming a member.

You're not logged in!

Compare scores with friends on all Sporcle quizzes.
OR
Log In

Show Comments

Extras

Top Quizzes Today


Score Distribution

Your Account Isn't Verified!

In order to create a playlist on Sporcle, you need to verify the email address you used during registration. Go to your Sporcle Settings to finish the process.

Report this User

Report this user for behavior that violates our Community Guidelines.

Details: